Datum a čas kvízu
29.5
Celkem bodů
Celkový počet nahraných bodů na tomto kvízu bez doplňovacích otázek.
6.
Pořadí na kvízu
Konečné umístění týmu na tomto kvízu.
Zaznamenané odpovědi
| # | Otázka | Odpověď | Body | Výsledky |
|---|---|---|---|---|
| 1. | Jak se jmenuje bývalý karlovar... | Petr Kulhánek | 0 | |
| 2. | Prezident jedné jihoamerické z... | Venezuela | 1 | |
| 3. | Která hudební legenda vystoupi... | Bob Dylan | 1 | |
| 4. | V úterý se stal novým generáln... | z Nizozemska | 1 | |
| 5. | Který český brankář minulý týd... | Vítězslav Jaroš | 0 | |
| 6. | Jak se jmenuje stát, který je... | Lesotho | 0 | |
| 7. | Kaliningrad neboli Královec je... | Přemysla Otakara II. | 1 | |
| 8. | V Pásmu Gazy, jež je v podstat... | A | 0 | |
| 9. | V roce 2015 během jediného dne... | Indie a Bangladéš | 0 | |
| 10. | Republika San Marino je druhý... | Rimini | 1 |